Nationalism Without a Nation in India (Record no. 226094)

MARC details
000 -LEADER
fixed length control field 00872nam a22002297a 4500
005 - DATE AND TIME OF LATEST TRANSACTION
control field 20221227131045.0
008 - FIXED-LENGTH DATA ELEMENTS--GENERAL INFORMATION
fixed length control field 221227b ||||| |||| 00| 0 eng d
020 ## - INTERNATIONAL STANDARD BOOK NUMBER
International Standard Book Number 0195641043
040 ## - CATALOGING SOURCE
Transcribing agency AL
041 ## - LANGUAGE CODE
Language code of text/sound track or separate title English
082 ## - DEWEY DECIMAL CLASSIFICATION NUMBER
Edition number 23
Classification number 954.03
Item number ALON
100 ## - MAIN ENTRY--PERSONAL NAME
Personal name Aloysius G
100 ## - MAIN ENTRY--PERSONAL NAME
9 (RLIN) 67789
245 ## - TITLE STATEMENT
Title Nationalism Without a Nation in India
260 ## - PUBLICATION, DISTRIBUTION, ETC.
Place of publication, distribution, etc. Delhi
Name of publisher, distributor, etc. Oxford University Press
Date of publication, distribution, etc. 1997
300 ## - PHYSICAL DESCRIPTION
Extent xii,265 p.
Other physical details HB
Dimensions 22x14 cm.
520 ## - SUMMARY, ETC.
Summary, etc. This book is a hard-hitting sociological critique of India's nationalist historiography. The National Movement is also examined critically. Students of sociology, social anthropology, political science, and Indian history will take an interest in this volume.
650 ## - SUBJECT ADDED ENTRY--TOPICAL TERM
Topical term or geographic name entry element Nationalism
9 (RLIN) 67790
650 ## - SUBJECT ADDED ENTRY--TOPICAL TERM
Topical term or geographic name entry element India
9 (RLIN) 67791
650 ## - SUBJECT ADDED ENTRY--TOPICAL TERM
Topical term or geographic name entry element Politics and government
9 (RLIN) 67792
700 ## - ADDED ENTRY--PERSONAL NAME
Personal name ALOYSIUS (G)
9 (RLIN) 67793
942 ## - ADDED ENTRY ELEMENTS (KOHA)
Source of classification or shelving scheme Dewey Decimal Classification
Koha item type Donated Books
Holdings
Withdrawn status Lost status Source of classification or shelving scheme Damaged status Not for loan Collection code Home library Current library Date acquired Total Checkouts Full call number Barcode Date last seen Price effective from Koha item type Public note
    Dewey Decimal Classification     History St Aloysius Library St Aloysius Library 12/04/2014   954.03 ALON D05490 12/27/2022 12/27/2022 Donated Books Donated by V. T. Rajshekar